000 01163nam a2200277 i 4500
003 DO-SdBNP
005 20250116073945.0
007 ta
008 110413s1987 dr a 000 0 spa d
040 _aDO-SdBNP
_bspa
_cBNPHU
_erda
082 4 _bP349m
_222
100 1 _aPeña Pérez, Milagros de,
_929589
_eautora
245 1 1 _aMatemática para la vida :
_bguía didáctica para el libro de matemática de segundo grado, nivel primario /
_cMilagros Peña de Pérez, Margarita Luciano de Sang ; ilustraciones, Julio César Martínez
264 1 _aSanto Domingo :
_bSecretaría de Estado de Educación, Bellas Artes y Cultos,
_bAlfa y Omega,
_c1987.
300 _a41 páginas
_c27 cm.
_bilustraciones
336 _2rdacontent
_atexto
_btxt
337 _2rdamedia
_asin mediación
_bn
338 _2rdacarrier
_avolumen
_bnc
504 _aBibliografía : p. 41
590 _aInventariado, 2023/ YL
700 1 _aSilié, Rubén,
_d1946-
_eAutora
_91421
700 1 _aMartínez, Julio César,
_eilustraciones
_91263
710 1 _aRepública Dominicana.
_bSecretaría de Estado de Educación, Bellas Artes y Cultos
_923965
910 _aYLockward
942 _2ddc
_cLF2
999 _c54740
_d54740